| 000 | 00485nam a2200205Ia 4500 | ||
|---|---|---|---|
| 003 | OSt | ||
| 005 | 20231011102703.0 | ||
| 008 | 210210b2006 xxu||||| |||| 00| 0 eng d | ||
| 040 | _cAL | ||
| 041 | _aEnglish | ||
| 082 | _a332.1 RAGM | ||
| 100 |
_aRAGHUNANDAN (B V). _9137357 |
||
| 245 | _aModern banking | ||
| 260 |
_aUdupi _bSushrutha Books _c2006 |
||
| 300 | _a126 | ||
| 650 |
_a BCom II semester. _9137358 |
||
| 690 |
_aBanking _9137359 |
||
| 906 | _a061755 | ||
| 942 |
_2ddc _cBK |
||
| 999 |
_c108749 _d108749 |
||